[Event "7. Lichtenberger Sommer"]
[Site "Berlin"]
[Date "2008.08.18"]
[Round "3.1"]
[White "Rabiega, Robert"]
[Black "Kollberg, Lothar"]
[Result "1-0"]
[WhiteElo "2552"]
[BlackElo "2253"]
[PlyCount "71"]
[EventDate "2008.??.??"]
[WhiteTeam "SK König Tegel 1949 e.V."]
[BlackTeam "SC Rotation Pankow e.V."]

1. e4 g6 2. d4 Bg7 3. c3 d6 4. Bc4 Nf6 5. Qe2 e5 6. dxe5 dxe5 7. Nf3 Qe7 8. O-O
Bg4 9. h3 Bxf3 10. Qxf3 O-O 11. Bg5 Nbd7 12. Nd2 a5 13. Rfe1 h6 14. Bh4 Nc5 15.
Nf1 Ne6 16. Rad1 Rfd8 17. Nh2 c6 18. a4 Nc5 19. Ra1 Rd7 20. Ng4 g5 21. Bg3 Nxg4
22. Qxg4 Rad8 23. b3 Nd3 24. Re3 Nf4 25. h4 Bf6 26. hxg5 Bxg5 27. Ree1 Kg7 28.
Bxf4 exf4 29. e5 Rd2 30. Qf5 Bh4 31. Rf1 Bg5 32. Rae1 Rf8 33. Bd3 Rg8 34. e6
fxe6 35. Rxe6 Qf7 36. Rg6+ 1-0

[Event "7. Lichtenberger Sommer"]
[Site "Berlin"]
[Date "2008.08.18"]
[Round "3.2"]
[White "Schatz, Dieter"]
[Black "Meister, Jakob"]
[Result "0-1"]
[WhiteElo "2216"]
[BlackElo "2487"]
[PlyCount "78"]
[EventDate "2008.??.??"]
[WhiteTeam "SK Landau"]
[BlackTeam "SK Zehlendorf e.V."]

1. e4 d5 2. Nc3 d4 3. Nce2 e5 4. Nf3 Bd6 5. Ng3 g6 6. c3 c5 7. Bc4 Nc6 8. d3
Qe7 9. Qb3 Kf8 10. Bg5 Qe8 11. Bd5 h6 12. Bd2 Nf6 13. O-O Kg7 14. Rae1 Rb8 15.
Qc2 Bd7 16. c4 Qe7 17. Kh1 Nb4 18. Qb1 b5 19. a3 Nbxd5 20. exd5 bxc4 21. dxc4
Rb3 22. Bc1 Rhb8 23. Nd2 Rxa3 24. f3 Ra6 25. Qd3 Qf8 26. Nge4 Be7 27. Ng3 Bd6
28. Nde4 Nxe4 29. fxe4 Be7 30. Qf3 Rab6 31. Qa3 Qc8 32. Qf3 Rf6 33. Qa3 Qa6 34.
Qd3 Rb4 35. Rxf6 Bxf6 36. Qf3 Rxc4 37. Bd2 Rc2 38. Bc1 h5 39. Qb3 Qc4 0-1

[Event "7. Lichtenberger Sommer"]
[Site "Berlin"]
[Date "2008.08.18"]
[Round "3.3"]
[White "Krämer, Martin"]
[Black "Püschel, Werner"]
[Result "1-0"]
[WhiteElo "2456"]
[BlackElo "2189"]
[PlyCount "57"]
[EventDate "2008.??.??"]
[WhiteTeam "Sfrd. Berlin 1903 e.V."]
[BlackTeam "SG Lasker Steglitz-Wilmersdorf"]

1. e4 d5 2. exd5 Qxd5 3. Nc3 Qd6 4. d4 Nf6 5. Bd3 a6 6. Nf3 Bg4 7. O-O Nc6 8.
Ne4 Nxe4 9. Bxe4 f5 10. Bxc6+ Qxc6 11. d5 Qd7 12. h3 Bh5 13. Qd3 Bxf3 14. Qxf3
O-O-O 15. c4 e5 16. Qe3 Qd6 17. Re1 e4 18. Qd4 b6 19. Be3 Qd7 20. Rac1 Bd6 21.
Qd2 Rhe8 22. Red1 Qa4 23. a3 Kb7 24. b4 Qxa3 25. c5 Be5 26. cxb6 cxb6 27. Rc6
Rd6 28. Qc2 Red8 29. Rc1 1-0

[Event "7. Lichtenberger Sommer"]
[Site "Berlin"]
[Date "2008.08.18"]
[Round "3.4"]
[White "Novkovic, Julia"]
[Black "Kalinitschew, Sergey"]
[Result "0-1"]
[WhiteElo "2128"]
[BlackElo "2456"]
[PlyCount "70"]
[EventDate "2008.??.??"]
[WhiteTeam "Dornbirn"]
[BlackTeam "SC Kreuzberg e.V."]

1. e4 d5 2. exd5 Nf6 3. d4 Nxd5 4. c4 Nb6 5. c5 Nd5 6. Bc4 e6 7. Nf3 Be7 8. Nc3
Nxc3 9. bxc3 b6 10. Ne5 Bb7 11. c6 Bc8 12. Qh5 O-O 13. Bd3 f5 14. g4 Ba6 15.
Bxa6 Nxa6 16. g5 Qd5 17. Rg1 f4 18. Rg4 Qe4+ 19. Kf1 Bd6 20. g6 h6 21. f3 Qd5
22. Kg2 Rf5 23. Qh4 Bxe5 24. dxe5 Raf8 25. Bxf4 Nc5 26. c4 Qxc4 27. Bxh6 Qe2+
28. Kg1 Rxf3 29. Bf4 R8xf4 30. Qh7+ Kf8 31. Qh8+ Ke7 32. Qh4+ Ke8 33. Rxf4 Qe3+
34. Kg2 Rxf4 35. Qh8+ Rf8 0-1

[Event "7. Lichtenberger Sommer"]
[Site "Berlin"]
[Date "2008.08.18"]
[Round "3.5"]
[White "Richter, Michael"]
[Black "Skibbe, Willi"]
[Result "1-0"]
[WhiteElo "2422"]
[BlackElo "2183"]
[PlyCount "47"]
[EventDate "2008.??.??"]
[WhiteTeam "SC Kreuzberg e.V."]
[BlackTeam "SV 1861 Liebschwitz"]

1. d4 d5 2. c4 c6 3. cxd5 cxd5 4. Nf3 Nc6 5. Nc3 Nf6 6. Bf4 a6 7. Rc1 e6 8. e3
Be7 9. Bd3 Nh5 10. Be5 f6 11. Bg3 Nxg3 12. hxg3 f5 13. O-O g5 14. Ne5 Nxe5 15.
dxe5 g4 16. Qa4+ Bd7 17. Qb3 Bc6 18. Ne2 Rc8 19. Nd4 Qd7 20. Rc3 O-O 21. Rfc1
a5 22. a3 Rc7 23. Qb6 Ra8 24. Nxe6 1-0

[Event "7. Lichtenberger Sommer"]
[Site "Berlin"]
[Date "2008.08.18"]
[Round "3.6"]
[White "Schnitzer, Peter"]
[Black "Figura, Atila Gajo"]
[Result "0-1"]
[WhiteElo "2176"]
[BlackElo "2407"]
[PlyCount "80"]
[EventDate "2008.??.??"]
[WhiteTeam "SC Kreuzberg e.V."]
[BlackTeam "SC Kreuzberg e.V."]

1. e4 e5 2. Nf3 Nc6 3. d4 exd4 4. Nxd4 Nf6 5. Nxc6 bxc6 6. e5 Qe7 7. Qe2 Nd5 8.
c4 Nb6 9. Nd2 d6 10. exd6 cxd6 11. Ne4 Be6 12. Bg5 f6 13. c5 fxg5 14. cxd6 Qd7
15. O-O-O Nd5 16. Nc5 Qxd6 17. Nxe6 Kd7 18. Qg4 Qxe6 19. Rxd5+ cxd5 20. Bb5+
Kd6 21. Qb4+ Kc7 22. Qc3+ Kb7 23. Kb1 Rc8 24. Qb3 Ka8 25. Rd1 Bc5 26. Rxd5 Qe4+
27. Ka1 Bd4 28. a4 Rc1+ 29. Ka2 Qb1+ 30. Ka3 Bc5+ 31. Rxc5 Rxc5 32. Qf3+ Kb8
33. Ba6 Kc7 34. Qb7+ Kd6 35. Qxa7 Qa1+ 36. Kb3 Qd1+ 37. Ka3 Qa1+ 38. Kb3 Qd1+
39. Ka3 Qd4 40. Qb6+ Ke5 0-1

[Event "7. Lichtenberger Sommer"]
[Site "Berlin"]
[Date "2008.08.18"]
[Round "3.7"]
[White "Kapp, Martin"]
[Black "Von Herman, Ulf"]
[Result "1/2-1/2"]
[WhiteElo "2072"]
[BlackElo "2374"]
[PlyCount "68"]
[EventDate "2008.??.??"]
[WhiteTeam "TSV IFA Chemnitz"]
[BlackTeam "SK König Tegel 1949 e.V."]

1. d4 Nf6 2. c4 e6 3. Nf3 d5 4. Nc3 Bb4 5. Bg5 Nbd7 6. e3 c5 7. cxd5 exd5 8.
Rc1 Qa5 9. Bd3 c4 10. Bb1 Ne4 11. O-O Nxc3 12. bxc3 Ba3 13. e4 h6 14. Bh4 dxe4
15. Qe2 f5 16. Bxe4 O-O 17. Qxc4+ Kh8 18. Bb1 Nb6 19. Qb3 Bxc1 20. Ne5 Ba3 21.
Ng6+ Kh7 22. Nxf8+ Bxf8 23. Qf7 Bd7 24. c4 Qa4 25. c5 Nc4 26. Rc1 Na3 27. c6
bxc6 28. Qxd7 Nxb1 29. Rxb1 Qxa2 30. Qxf5+ Kh8 31. Bg3 Kg8 32. h3 Qf7 33. Qa5
Qd5 34. Qa6 Rd8 1/2-1/2

[Event "7. Lichtenberger Sommer"]
[Site "Berlin"]
[Date "2008.08.18"]
[Round "3.8"]
[White "Kiesekamp, Marcos"]
[Black "Schleich, Theodor"]
[Result "1-0"]
[WhiteElo "2316"]
[BlackElo "2099"]
[PlyCount "53"]
[EventDate "2008.??.??"]
[WhiteTeam "TuS Makkabi Berlin e.V."]
[BlackTeam "FC Bayern München e.V."]

1. Nf3 e6 2. g3 b6 3. Bg2 Bb7 4. O-O f5 5. b3 Nf6 6. Bb2 Be7 7. d3 O-O 8. Nbd2
c5 9. Re1 Qc7 10. e4 fxe4 11. dxe4 Nc6 12. e5 Ng4 13. h3 Nh6 14. Nh2 Nf5 15.
Ne4 Nxe5 16. Bxe5 Qxe5 17. Qxd7 Bxe4 18. Bxe4 Rad8 19. Qxa7 Qd6 20. Bxf5 Rxf5
21. Rad1 Qxd1 22. Rxd1 Rxd1+ 23. Kg2 Bd8 24. Qa4 Rf8 25. Nf1 e5 26. Qg4 Re8 27.
Qxd1 1-0

[Event "7. Lichtenberger Sommer"]
[Site "Berlin"]
[Date "2008.08.18"]
[Round "3.9"]
[White "Dimitrijeski, Kristian"]
[Black "Wendt, Jan-Dietrich"]
[Result "0-1"]
[WhiteElo "2167"]
[BlackElo "2372"]
[PlyCount "50"]
[EventDate "2008.??.??"]
[WhiteTeam "Sfrd. Berlin 1903 e.V."]
[BlackTeam "Sfrd. Berlin 1903 e.V."]

1. d4 Nf6 2. c4 c5 3. d5 b5 4. cxb5 a6 5. Nc3 axb5 6. e4 b4 7. Nb5 d6 8. Bf4 g5
9. Bxg5 Nxe4 10. Bf4 Nf6 11. Bc4 Bg7 12. Nf3 O-O 13. O-O Nbd7 14. Qd3 Nb6 15.
Ng5 Nxc4 16. Qxc4 Ba6 17. a4 bxa3 18. bxa3 h6 19. Nh3 Bxb5 20. Qxb5 Nxd5 21.
Rae1 Rxa3 22. Qb7 Qa8 23. Rxe7 Rxh3 24. gxh3 Qxb7 25. Rxb7 Nxf4 0-1

[Event "7. Lichtenberger Sommer"]
[Site "Berlin"]
[Date "2008.08.18"]
[Round "3.10"]
[White "Muse, Drazen"]
[Black "Bukowski, Henryk"]
[Result "1-0"]
[WhiteElo "2369"]
[BlackElo "2175"]
[PlyCount "103"]
[EventDate "2008.??.??"]
[WhiteTeam "SK König Tegel 1949 e.V."]
[BlackTeam "BSC Rehberge 1945 e.V."]

1. d4 Nf6 2. Bg5 g6 3. Bxf6 exf6 4. e3 Bg7 5. c4 f5 6. Nc3 O-O 7. g3 c5 8. d5
d6 9. Nge2 a6 10. a4 Nd7 11. Nf4 Ne5 12. Be2 Rb8 13. O-O Re8 14. Qc2 h5 15. Ng2
Ng4 16. h3 Nf6 17. Bd3 Qe7 18. Kh2 Ne4 19. f3 Nxc3 20. bxc3 Qf6 21. Rac1 Bd7
22. Qb3 h4 23. gxh4 b5 24. cxb5 axb5 25. Bxb5 f4 26. e4 Rxe4 27. fxe4 f3 28. c4
Qe5+ 29. Kh1 fxg2+ 30. Kxg2 Bxb5 31. axb5 Ra8 32. Rce1 Qe7 33. Qf3 Ra4 34. b6
Rxc4 35. Rb1 Rc2+ 36. Rf2 Rxf2+ 37. Kxf2 Bd4+ 38. Kf1 Qb7 39. Qd3 Kg7 40. Kg2
Be5 41. Kh1 Bd4 42. h5 Be5 43. hxg6 fxg6 44. Qe2 Bd4 45. Qf3 c4 46. Rf1 Kh6 47.
Qf4+ Kh5 48. h4 Qe7 49. b7 Ba7 50. Rg1 Bxg1 51. b8=Q Bd4 52. Qbxd6 1-0

[Event "7. Lichtenberger Sommer"]
[Site "Berlin"]
[Date "2008.08.18"]
[Round "3.11"]
[White "Kapr, Klaus"]
[Black "Bruchmann, Stephan"]
[Result "0-1"]
[WhiteElo "2059"]
[BlackElo "2292"]
[PlyCount "52"]
[EventDate "2008.??.??"]
[WhiteTeam "SC Friesen Lichtenberg e.V."]
[BlackTeam "Sfrd. Berlin 1903 e.V."]

1. e4 g6 2. d4 Bg7 3. Nc3 c6 4. Nf3 d5 5. exd5 cxd5 6. Bb5+ Bd7 7. Qe2 a6 8.
Bxd7+ Qxd7 9. Ne5 Qe6 10. O-O Nc6 11. Nxc6 Qxc6 12. Qd3 Nf6 13. Bg5 O-O 14.
Rfe1 e6 15. Rad1 Rac8 16. Re3 b5 17. Rd2 Qc4 18. f3 Qxd3 19. Rexd3 Nd7 20. a4
Nb6 21. axb5 Nc4 22. b6 Nxb2 23. Kf1 Nxd3 24. Rxd3 Rc4 25. Be7 Rb8 26. Bc5 e5
0-1

[Event "7. Lichtenberger Sommer"]
[Site "Berlin"]
[Date "2008.08.18"]
[Round "3.12"]
[White "Friedrich, Wiede"]
[Black "Plump, Detlef"]
[Result "0-1"]
[WhiteElo "2044"]
[BlackElo "2263"]
[PlyCount "105"]
[EventDate "2008.??.??"]
[WhiteTeam "USV Potsdam e.V., Abt. Schach"]
[BlackTeam "Chessclub York"]

1. e4 c5 2. Nf3 e6 3. d4 cxd4 4. Nxd4 a6 5. Nc3 Qc7 6. a3 Nf6 7. Be3 d6 8. Be2
Nbd7 9. f4 b5 10. Bf3 Bb7 11. Nb3 Be7 12. O-O O-O 13. Kh1 Rac8 14. Qe2 Nb6 15.
Na5 Ba8 16. Rac1 Nc4 17. Nxc4 Qxc4 18. Qxc4 Rxc4 19. Be2 Rc7 20. Bf3 Rfc8 21.
Rcd1 Rxc3 22. bxc3 Bxe4 23. Bd4 Bxf3 24. Rxf3 Ne4 25. Ra1 Rc4 26. a4 bxa4 27.
Rb1 f6 28. Rb7 Bf8 29. Rb6 e5 30. Be3 Nxc3 31. Rxa6 Nd5 32. Kg1 e4 33. Rh3 Nxe3
34. Rxe3 d5 35. Kf1 f5 36. c3 Bc5 37. Re1 Rxc3 38. Rxa4 d4 39. Ra8+ Kf7 40. Rd1
d3 41. Rd8 Rc2 42. Rd5 g6 43. Rb1 Ke6 44. Re5+ Kd6 45. Re8 Rf2+ 46. Ke1 Rxg2
47. Rbb8 d2+ 48. Kd1 Be3 49. Red8+ Kc6 50. Rbc8+ Kb5 51. Rd7 Rg1+ 52. Kc2 Rc1+
53. Kb2 0-1

[Event "7. Lichtenberger Sommer"]
[Site "Berlin"]
[Date "2008.08.18"]
[Round "3.13"]
[White "Wasem, Ralph"]
[Black "Brüdigam, Martin"]
[Result "0-1"]
[WhiteElo "2100"]
[BlackElo "2218"]
[PlyCount "102"]
[EventDate "2008.??.??"]
[WhiteTeam "SK Landau"]
[BlackTeam "USV Potsdam e.V., Abt. Schach"]

1. d4 d5 2. Bg5 h6 3. Bh4 Nd7 4. e3 Ngf6 5. Nf3 e6 6. Bd3 c5 7. c4 cxd4 8. cxd5
Qa5+ 9. Kf1 Nxd5 10. Nxd4 Ne5 11. Be2 Bd7 12. Nd2 Bb4 13. Ne4 O-O 14. a3 Be7
15. Bxe7 Nxe7 16. b4 Qb6 17. Nf3 N7g6 18. Nc5 Bc6 19. Nxe5 Nxe5 20. Qd4 Ng6 21.
Qg4 Bb5 22. h4 a5 23. Bxb5 Qxb5+ 24. Qe2 Qc6 25. Nd3 axb4 26. h5 Ne5 27. Nxb4
Qc3 28. Re1 Rxa3 29. Rh4 Rfa8 30. Rd4 Ra1 31. f4 Rxe1+ 32. Qxe1 Ra1 33. Rd8+
Kh7 34. Rd1 Qxe1+ 35. Kxe1 Rxd1+ 36. Kxd1 Ng4 37. Kd2 Nf6 38. Nd3 Nxh5 39. Ne5
Kg8 40. Kd3 Kf8 41. Kd4 Ke7 42. Kc5 Nf6 43. Nc4 Nd7+ 44. Kb5 f6 45. e4 g5 46.
g3 h5 47. Ne3 gxf4 48. gxf4 h4 49. f5 h3 50. Ng4 exf5 51. exf5 Kd6 0-1

[Event "7. Lichtenberger Sommer"]
[Site "Berlin"]
[Date "2008.08.18"]
[Round "3.14"]
[White "Struk, Jerzy"]
[Black "Maahs, Erich"]
[Result "1-0"]
[WhiteElo "2164"]
[BlackElo "2157"]
[PlyCount "94"]
[EventDate "2008.??.??"]
[BlackTeam "SC Concordia SAbt Palame"]

1. e4 e5 2. Nf3 Nf6 3. Nxe5 d6 4. Nf3 Nxe4 5. d4 d5 6. Bd3 Nc6 7. O-O Be7 8. c4
Nf6 9. h3 h6 10. cxd5 Nxd5 11. Nc3 Be6 12. Bc2 Nxc3 13. bxc3 Bc4 14. Re1 O-O
15. Bb1 Bd6 16. Nd2 Ba6 17. Qc2 f5 18. a4 Kh8 19. Nf3 Bc4 20. Ba2 Bg8 21. Bxg8
Kxg8 22. Qb3+ Kh7 23. Qxb7 Na5 24. Qa6 Nb3 25. Rb1 Nxc1 26. Rbxc1 Rf6 27. Qc4
Bf4 28. Rc2 c6 29. Rce2 Qd5 30. Qd3 Qb3 31. g3 Bd6 32. a5 Qb5 33. c4 Qxa5 34.
c5 Bc7 35. Re7 Raf8 36. Rb1 R8f7 37. Ree1 a6 38. Nd2 Rd7 39. Nb3 Qb5 40. Qc2 a5
41. Nd2 Qa6 42. Nf3 g6 43. Re8 Kg7 44. Re3 Rff7 45. Rbe1 Rd5 46. Re7 f4 47.
R1e6 fxg3 1-0

[Event "7. Lichtenberger Sommer"]
[Site "Berlin"]
[Date "2008.08.18"]
[Round "3.15"]
[White "Van Asseldonk, Paul"]
[Black "Niehaus, Frank"]
[Result "0-1"]
[WhiteElo "2101"]
[BlackElo "2185"]
[PlyCount "74"]
[EventDate "2008.??.??"]
[WhiteTeam "HSC Helmond"]
[BlackTeam "Sfrd. Berlin 1903 e.V."]

1. e4 c5 2. Nf3 d6 3. d4 cxd4 4. Nxd4 Nf6 5. Nc3 g6 6. Be3 Bg7 7. Bc4 O-O 8. f3
Nc6 9. Qd2 Bd7 10. O-O-O Rc8 11. Bb3 Ne5 12. h4 h5 13. Bg5 Rc5 14. f4 Neg4 15.
Rhe1 Qc7 16. Bxf6 Nxf6 17. e5 dxe5 18. fxe5 Rxe5 19. Rxe5 Qxe5 20. Nf3 Qc7 21.
Qg5 Bf5 22. Nd4 Ne4 23. Nd5 Nxg5 24. Nxc7 Ne4 25. Nxf5 gxf5 26. Rd7 e6 27. Nb5
Nc5 28. Rd1 a6 29. Nc3 Bf6 30. g3 Bxc3 31. bxc3 Ne4 32. Rd7 Rb8 33. Rd3 Kf8 34.
c4 Ke7 35. Ba4 Nc5 36. Ra3 Rg8 37. c3 Rxg3 0-1

[Event "7. Lichtenberger Sommer"]
[Site "Berlin"]
[Date "2008.08.18"]
[Round "3.16"]
[White "Rohde, Wolfgang"]
[Black "Fischer, Daniel"]
[Result "1-0"]
[WhiteElo "2198"]
[BlackElo "2094"]
[PlyCount "119"]
[EventDate "2008.??.??"]
[WhiteTeam "SC Friesen Lichtenberg e.V."]
[BlackTeam "SK Oberkirch"]

1. d4 d6 2. Nf3 Nf6 3. c4 c6 4. Nc3 Nbd7 5. e4 e5 6. Be2 Be7 7. O-O O-O 8. Qc2
a6 9. Rd1 Qc7 10. Bg5 Re8 11. Rac1 exd4 12. Nxd4 Ne5 13. Bf4 Bf8 14. h3 b6 15.
Bg3 Bb7 16. f4 Ned7 17. Bf3 b5 18. cxb5 cxb5 19. Qb1 Qb6 20. Bf2 Qd8 21. a4 b4
22. Nd5 Nxd5 23. exd5 Nc5 24. Nc6 Qf6 25. b3 a5 26. g3 Bc8 27. Bd4 Qh6 28. h4
Bd7 29. Re1 Qg6 30. Qxg6 hxg6 31. Bxc5 dxc5 32. Ne5 Rad8 33. Nc4 Rxe1+ 34. Rxe1
Bf5 35. Re3 Bd6 36. Kf1 Bc7 37. Re7 Rd7 38. Re8+ Kh7 39. Ke2 Bc2 40. Re3 f5 41.
Kd2 Be4 42. Bxe4 fxe4 43. Rxe4 Rxd5+ 44. Ke2 Rd7 45. Re8 g5 46. hxg5 Kg6 47.
Kf3 Rd3+ 48. Re3 Rd7 49. Kg4 Kf7 50. f5 Rd4+ 51. Kf3 Rd5 52. Kg4 Rd4+ 53. Kh5
Rd5 54. Re6 Rxf5 55. Rc6 g6+ 56. Kg4 Bxg3 57. Kxg3 Rxg5+ 58. Kf4 Rd5 59. Nxa5
c4 60. Nxc4 1-0

[Event "7. Lichtenberger Sommer"]
[Site "Berlin"]
[Date "2008.08.18"]
[Round "3.17"]
[White "Hahlbohm, Matthias"]
[Black "Meißner, Hans-Jürgen"]
[Result "0-1"]
[WhiteElo "2085"]
[BlackElo "2212"]
[PlyCount "83"]
[EventDate "2008.??.??"]
[WhiteTeam "TSG Oberschöneweide e.V."]
[BlackTeam "SV Empor Berlin e.V."]

1. e4 c5 2. Nf3 d6 3. d4 cxd4 4. Nxd4 Nf6 5. Nc3 a6 6. Bg5 e6 7. Be2 Be7 8. O-O
O-O 9. a4 b6 10. f4 Bb7 11. Bf3 Qc7 12. Qd3 Nbd7 13. Qe3 Rab8 14. Bh4 Ng4 15.
Bxg4 Bxh4 16. Bxe6 fxe6 17. Nxe6 Qc4 18. Nxf8 Nxf8 19. Qxb6 Bf6 20. Qb3 Qxb3
21. cxb3 Bd4+ 22. Kh1 Ba8 23. Rad1 Bc5 24. e5 Rxb3 25. Rd2 Bc6 26. exd6 Nd7 27.
h3 Nf6 28. Rfd1 Bd7 29. Re2 Bb6 30. Rdd2 Bd8 31. Rd4 Kf8 32. g4 g6 33. Kh2 h5
34. g5 Ne8 35. h4 Ng7 36. Nd5 Nf5 37. Rb4 Rxb4 38. Nxb4 Bxa4 39. Nxa6 Bb5 40.
Re6 Bxa6 41. Rxg6 Kf7 42. Rh6 0-1

[Event "7. Lichtenberger Sommer"]
[Site "Berlin"]
[Date "2008.08.18"]
[Round "3.18"]
[White "Gebigke, Martin"]
[Black "Kropman, Alexei"]
[Result "1-0"]
[WhiteElo "2151"]
[BlackElo "1938"]
[PlyCount "51"]
[EventDate "2008.??.??"]
[WhiteTeam "SV Berolina Mitte e.V."]
[BlackTeam "TuS Makkabi Berlin e.V."]

1. d4 d5 2. Nf3 e6 3. g3 Nf6 4. Bg2 c5 5. O-O Nc6 6. c4 dxc4 7. Qa4 cxd4 8.
Nxd4 Qxd4 9. Bxc6+ Bd7 10. Rd1 Qxd1+ 11. Qxd1 Bxc6 12. Nc3 Bc5 13. h3 b5 14.
Qc2 h6 15. a4 b4 16. Nd1 Bd5 17. Be3 Bxe3 18. Nxe3 Rc8 19. Qd2 c3 20. bxc3 bxc3
21. Qd4 O-O 22. Rc1 Ne4 23. Nxd5 exd5 24. Qxd5 Nd2 25. Qd3 c2 26. Rxc2 1-0

[Event "7. Lichtenberger Sommer"]
[Site "Berlin"]
[Date "2008.08.18"]
[Round "3.19"]
[White "Kapp, Stefan"]
[Black "Rietze, Clemens"]
[Result "1/2-1/2"]
[WhiteElo "2093"]
[BlackElo "2128"]
[PlyCount "78"]
[EventDate "2008.??.??"]
[WhiteTeam "TSV IFA Chemnitz"]
[BlackTeam "ESV Lok Falkenberg e.V."]

1. d4 Nf6 2. c4 g6 3. Nc3 d5 4. cxd5 Nxd5 5. Nxd5 Qxd5 6. Bf4 Bg7 7. Nf3 Na6 8.
a3 c5 9. Be5 f6 10. Bg3 cxd4 11. Qxd4 Qxd4 12. Nxd4 f5 13. O-O-O e5 14. Nf3 f4
15. Bh4 Bf5 16. e4 Rc8+ 17. Kd2 Bxe4 18. Bb5+ Bc6 19. Bxc6+ Rxc6 20. Rhe1 Rc5
21. Nxe5 O-O 22. Nd7 Rd5+ 23. Kc2 Rc8+ 24. Kb1 Rf5 25. g4 Rf7 26. f3 h6 27. Ne5
Bxe5 28. Rxe5 Nc5 29. Be1 Rfc7 30. Rd6 Rc6 31. Rxc6 Rxc6 32. Bc3 Kf7 33. h4 b6
34. Kc2 Ne6 35. Kd3 Rd6+ 36. Kc2 Rc6 37. Kd3 Rd6+ 38. Kc2 Rd8 39. Re2 Nd4+
1/2-1/2

[Event "7. Lichtenberger Sommer"]
[Site "Berlin"]
[Date "2008.08.18"]
[Round "3.20"]
[White "Thinius, Marco"]
[Black "Engelhardt, Erhard"]
[Result "1-0"]
[WhiteElo "2387"]
[BlackElo "1820"]
[PlyCount "65"]
[EventDate "2008.??.??"]
[WhiteTeam "Sfrd. Berlin 1903 e.V."]
[BlackTeam "SSV Rotation Berlin e.V."]

1. d4 e6 2. c4 b6 3. e4 Bb7 4. Bd3 c5 5. d5 e5 6. Nc3 d6 7. Nf3 Ne7 8. h4 h5 9.
Bg5 f6 10. Bd2 Bc8 11. a3 Bd7 12. b4 Na6 13. Rb1 Ng6 14. g3 Be7 15. Nh2 Qc8 16.
Be2 Nf8 17. Bxh5+ g6 18. Be2 Kd8 19. Nf3 f5 20. Ng5 Ke8 21. exf5 Bxf5 22. Nce4
Nh7 23. Rc1 Nf6 24. Bf3 Nc7 25. bxc5 bxc5 26. O-O Nxe4 27. Nxe4 Kf7 28. Bg2 Kg7
29. f4 Bg4 30. Qe1 exf4 31. Bxf4 Qd7 32. Qc3+ Kh7 33. Bxd6 1-0

[Event "7. Lichtenberger Sommer"]
[Site "Berlin"]
[Date "2008.08.18"]
[Round "3.21"]
[White "Petersen, Soren Boeck"]
[Black "Ozeran, Volodymyr"]
[Result "0-1"]
[WhiteElo "2242"]
[BlackElo "1967"]
[PlyCount "144"]
[EventDate "2008.??.??"]
[WhiteTeam "Vanlose Skakklub"]
[BlackTeam "SK Dessau 93 e. V."]

1. e4 c6 2. d4 d5 3. Nc3 dxe4 4. Nxe4 Nd7 5. Ng5 Ngf6 6. Bd3 e6 7. N1f3 h6 8.
Nxe6 fxe6 9. Bg6+ Ke7 10. O-O Qc7 11. Re1 Kd8 12. c4 Bb4 13. Re2 Nf8 14. Ne5
Nxg6 15. Nxg6 Re8 16. c5 Qf7 17. Ne5 Qh5 18. Nc4 b5 19. Nd6 Re7 20. Bf4 Ba5 21.
Qc2 Ne8 22. a4 b4 23. Qc4 Nc7 24. Re5 Qg4 25. Bg3 Ba6 26. Qc2 Nd5 27. Rd1 g5
28. f3 Qh5 29. Qe4 Kd7 30. Re1 Nc7 31. Nf5 Rae8 32. Nxe7 Rxe7 33. h4 b3 34. Rd1
Bc4 35. hxg5 hxg5 36. Qe3 Rg7 37. Re4 Nd5 38. Qc1 Ba6 39. Kf2 Qf7 40. Be5 Nf6
41. Bxf6 Qxf6 42. Rg4 Qf5 43. Re4 g4 44. Qf4 Qxf4 45. Rxf4 g3+ 46. Ke3 Bc7 47.
Rg4 Rf7 48. f4 Ke7 49. Rh1 Bc4 50. Rhh4 Ba5 51. Rh1 Bc7 52. Rh3 Ba5 53. Rh1 Bc7
54. Kf3 Bd5+ 55. Kxg3 Be4 56. Re1 Bf5 57. Rh4 Ba5 58. Re3 Bd2 59. Re2 Bc1 60.
Rh1 Rg7+ 61. Kf2 Bxf4 62. Rh8 Bd3 63. Ra8 Bxe2 64. Kxe2 Bc1 65. Kd3 Rg3+ 66.
Kc4 Bxb2 67. Rxa7+ Kf6 68. Rb7 Rc3+ 69. Kb4 Ba1 70. Ka3 b2+ 71. Ka2 Rc4 72. Ra7
Rc1 0-1

[Event "7. Lichtenberger Sommer"]
[Site "Berlin"]
[Date "2008.08.18"]
[Round "3.22"]
[White "Amelang, Thomas"]
[Black "Alihodzic, Ahmo"]
[Result "1-0"]
[WhiteElo "2176"]
[BlackElo "1954"]
[PlyCount "109"]
[EventDate "2008.??.??"]
[WhiteTeam "SK Siemens München"]

1. e4 e5 2. Nf3 Nc6 3. Bb5 d6 4. c3 a6 5. Ba4 Nf6 6. d3 h6 7. O-O Be7 8. Re1
O-O 9. Nbd2 b5 10. Bc2 Bg4 11. h3 Bh5 12. Nf1 Qd7 13. Ng3 Bg6 14. Nh4 Rfe8 15.
Bb3 Bh7 16. Nhf5 Bf8 17. Qf3 Bxf5 18. Nxf5 Nh7 19. Qg4 Kh8 20. Nxh6 Qxg4 21.
Nxg4 Nd8 22. f4 f6 23. f5 c6 24. Nh2 Re7 25. Nf3 Rd7 26. Nh4 d5 27. Ng6+ Kg8
28. d4 Nf7 29. exd5 cxd5 30. dxe5 fxe5 31. Nxe5 Nxe5 32. Rxe5 Bc5+ 33. Be3
Bxe3+ 34. Rxe3 Kf8 35. Rd1 Rad8 36. Rd4 Nf6 37. Re5 Re7 38. Rxe7 Kxe7 39. g4 a5
40. a3 Rd6 41. Kg2 Kd7 42. Kf3 Kc6 43. g5 Ne8 44. h4 Kc5 45. Kf4 Rd7 46. h5 Rd6
47. Ke5 Nc7 48. f6 gxf6+ 49. gxf6 Re6+ 50. Kf5 Re2 51. f7 Rf2+ 52. Rf4 Rxf4+
53. Kxf4 Ne6+ 54. Ke5 Nf8 55. Bxd5 1-0

[Event "7. Lichtenberger Sommer"]
[Site "Berlin"]
[Date "2008.08.18"]
[Round "3.23"]
[White "Buttkus, Andre"]
[Black "Moritz, Aron"]
[Result "1-0"]
[WhiteElo "2050"]
[BlackElo "1967"]
[PlyCount "143"]
[EventDate "2008.??.??"]
[WhiteTeam "SK Tempelhof 1931 e.V."]
[BlackTeam "SV Empor Berlin e.V."]

1. d4 d5 2. c4 e6 3. Nc3 Nf6 4. cxd5 exd5 5. Bg5 Nbd7 6. e3 c6 7. Bd3 Be7 8.
Qc2 O-O 9. Nge2 Re8 10. O-O Nf8 11. f3 Be6 12. e4 dxe4 13. fxe4 Rc8 14. h3 Nh5
15. Bxe7 Qxe7 16. e5 Qh4 17. Ne4 Bd5 18. Nd6 Ng3 19. Nxg3 Qxg3 20. Nxc8 Rxc8
21. Bf5 Ne6 22. Qf2 Qxf2+ 23. Rxf2 Rd8 24. Rd2 g6 25. Bc2 Nc7 26. Re1 Be6 27.
Red1 Nd5 28. Bb3 Kg7 29. Kf2 Kg8 30. g4 Kg7 31. Kf3 h6 32. h4 Rd7 33. a3 Rd8
34. h5 g5 35. Rf2 Rd7 36. Ke4 Bxg4 37. Rh1 Be6 38. Rhf1 Kg8 39. Bd1 Nc7 40. Rg1
Rd8 41. Bg4 Bd5+ 42. Ke3 Bb3 43. Bh3 Kg7 44. Rgf1 Kg8 45. Bg4 Bd5 46. Rf6 Bc4
47. Rd6 Re8 48. Rc1 Be6 49. Bxe6 fxe6 50. Rd7 Nd5+ 51. Kd2 Re7 52. Rxe7 Nxe7
53. b4 Nf5 54. Kd3 a6 55. Kc4 Kg7 56. Kc5 Ng3 57. Kb6 Nxh5 58. Kxb7 g4 59. Kxc6
g3 60. Rg1 Kg6 61. a4 Kg5 62. b5 axb5 63. axb5 Kg4 64. b6 Nf4 65. b7 Ne2 66.
Rxg3+ Kxg3 67. b8=Q h5 68. d5 h4 69. d6 h3 70. d7 h2 71. Qh8 Nd4+ 72. Kb6 1-0

[Event "7. Lichtenberger Sommer"]
[Site "Berlin"]
[Date "2008.08.18"]
[Round "3.25"]
[White "Gebert, Ralf"]
[Black "Newrkla, Katharina"]
[Result "1/2-1/2"]
[WhiteElo "2081"]
[BlackElo "2049"]
[PlyCount "89"]
[EventDate "2008.??.??"]
[WhiteTeam "SG Güstrow/Teterow"]
[BlackTeam "Austria  Wien"]

1. e4 c5 2. Nf3 d6 3. d4 cxd4 4. Nxd4 Nf6 5. Nc3 a6 6. Be3 Ng4 7. Bg5 h6 8. Bh4
g5 9. Bg3 Bg7 10. f3 Ne5 11. Qd2 Nbc6 12. Bf2 Ng6 13. O-O-O Be5 14. g3 e6 15.
Nxc6 bxc6 16. Bd4 d5 17. Bxe5 Nxe5 18. f4 Nd7 19. Bh3 Nb6 20. Qd4 O-O 21. Qc5
Nc4 22. b3 Qb6 23. Qxb6 Nxb6 24. fxg5 hxg5 25. Rhf1 Kg7 26. Rf2 a5 27. exd5
cxd5 28. Nb5 Bd7 29. Bf1 a4 30. Kd2 axb3 31. axb3 e5 32. Nd6 f5 33. Bb5 Bxb5
34. Nxb5 f4 35. Nc7 Rae8 36. Nxe8+ Rxe8 37. gxf4 gxf4 38. Ra1 Re6 39. Rg1+ Kf6
40. h4 Nd7 41. h5 Kf5 42. Rfg2 Rh6 43. Rg5+ Ke4 44. Re1+ Kf3 45. Rf1+ 1/2-1/2

[Event "7. Lichtenberger Sommer"]
[Site "Berlin"]
[Date "2008.08.18"]
[Round "3.26"]
[White "Hünerfauth, Uwe"]
[Black "Schüler, Wolfgang"]
[Result "1/2-1/2"]
[WhiteElo "2089"]
[BlackElo "2061"]
[PlyCount "30"]
[EventDate "2008.??.??"]
[WhiteTeam "SK Landau"]
[BlackTeam "SC Friesen Lichtenberg e.V."]

1. f4 d5 2. Nf3 c6 3. g3 Bg4 4. Bg2 Bxf3 5. Bxf3 f5 6. b3 Nf6 7. Bb2 e6 8. e3
Bc5 9. Qe2 Nbd7 10. O-O O-O 11. Kg2 a5 12. a4 Qe8 13. d3 Qg6 14. Nd2 h5 15. h4
Qf7 1/2-1/2